LEADER 00946nam a2200241 i 4500 001 000000132668 003 CaOOAMICUS 005 20070418000000.0 008 070418s1993 it u000 u ita u 013 $a105661 020 $a88-7229-016-3 040 $aSeMil$bita 100 1 $aCarmelo .$0(OLS)http://semarc/name/54592 245 10$aCaterina Farnese :$bprincipessa e carmelitana /$cCarmelo di Parma. 260 $aRoma :$bOCD,$c1993. 300 $a181 p. :$bill. ;$c20 cm. 650 4$aFarnese, Caterina .$0(OLS)http://semarc/subject/26112 850 $aSeMil 852 $aSeMil$W1$xVenegono$y1$m3G II 383$j86570$B86570$CSeMilBibl$Z2$F123115 $81 961 $aLascito: Maggi mons. Francesco 996 $6020$a88-7229-016-3$9(OLS)http://semarc/number/119747 996 $6245$aCaterina Farnese :$bprincipessa e carmelitana$9(OLS)http://semarc/title/194834 996 $6260$aRoma :$bOCD$9(OLS)http://semarc/publisher/32103 LEADER 00844nam a2200217 i 4500 001 000000102754 003 CaOOAMICUS 005 20250609095417.0 008 010904s1988 it l u000 u ita u 020 $a88-396-0226-7 040 $aSeMil$bita 245 10$a2: Libri 4.-5.-6.-7. /$cLuigi Chiappetta. 264 1$aNapoli :$bDehoniane,$c1988. 773 0 $aChiappetta, Luigi$tCodice di diritto canonico.$dNapoli : Dehoniane, 1988.$g2$w()6563 850 $aSeMil 852 $aSeMil$W1$xVenegono$y1$m2H IV 36$j257985$B59215$CSeMilBibl$Z2$F43684 $81 961 $aAcquisto: Centro Vendite Curia 996 $6020$a88-396-0226-7$9(OLS)http://semarc/number/82428 996 $6245$a2: Libri 4.-5.-6.-7.$9(OLS)http://semarc/title/149473 996 $6264$aNapoli :$bDehoniane$9(OLS)http://semarc/publisher/29785